| 000 | 00572cam a22002172a 4500 | ||
|---|---|---|---|
| 001 | 002613 | ||
| 003 | AR-FADEU | ||
| 008 | 311216n1972####xxu####################dd | ||
| 092 |
_a362.7 _bB617 |
||
| 100 | _aBirch, Herbert G. | ||
| 245 | _aNIños en desventaja : enfoque social | ||
| 260 | _aBuenos Aires | ||
| 260 | _bEudeba | ||
| 260 | _c1972 | ||
| 300 | _a299 p | ||
| 440 | _aBiblioteca del universitario | ||
| 500 | _aIncluye bibliografía | ||
| 700 | _aJoan Dye, Gussow | ||
| 650 | _aMENOR-ATENCION MEDICA; NUTRICION-DESNUTRICION; EMBARAZO | ||
| 942 | _cBDGR | ||
| 999 |
_c8445 _d8445 |
||